[Event "DVM U16 2021"]
[Site "Kiel GER"]
[Date "2022.07.26"]
[Round "7"]
[White "Gold, Michael"]
[Black "Morgenthaler, Nick"]
[Result "0-1"]
[Termination "normal"]
[Board "10.2"]
[WhiteElo "1383"]
[BlackElo "1149"]
[WhiteClock "00:44:24"]
[BlackClock "00:53:49"]
[WhiteTeam "SK Kelheim 1920"]
[BlackTeam "SK Frankenthal"]
[PlyCount "98"]
[WhiteFideId "34605169"]
[BlackFideId "16286138"]
[EventCountry "GER"]
[EventRounds "7"]
[EventType "team-swiss"]
[EventDate "2022.07.22"]

1. c4 {[%clk 01:30:59]} {[%emt 11:55:44]} e5 {[%clk 01:30:40]} {[%emt
00:00:20]} 2. g3 {[%clk 01:31:25]} {[%emt 00:00:05]} c6 {[%clk 01:30:47]}
{[%emt 00:00:23]} 3. Bg2 {[%clk 01:31:45]} {[%emt 00:00:09]} d5 {[%clk
01:30:44]} {[%emt 00:00:34]} 4. cxd5 {[%clk 01:32:11]} {[%emt 00:00:04]} cxd5
{[%clk 01:30:55]} {[%emt 00:00:18]} 5. Nf3 {[%clk 01:32:28]} {[%emt 00:00:13]}
e4 {[%clk 01:30:44]} {[%emt 00:00:42]} 6. Nd4 {[%clk 01:32:15]} {[%emt
00:00:42]} Bc5 {[%clk 01:29:30]} {[%emt 00:01:44]} 7. Nb3 {[%clk 01:31:23]}
{[%emt 00:01:23]} Bb6 {[%clk 01:29:00]} {[%emt 00:01:00]} 8. O-O {[%clk
01:30:40]} {[%emt 00:01:12]} Nf6 {[%clk 01:28:28]} {[%emt 00:01:03]} 9. Nc3
{[%clk 01:28:19]} {[%emt 00:02:51]} Bf5 {[%clk 01:26:43]} {[%emt 00:02:15]} 10.
d4 {[%clk 01:24:25]} {[%emt 00:04:23]} h6 {[%clk 01:25:14]} {[%emt 00:02:00]}
11. Bf4 {[%clk 01:17:26]} {[%emt 00:07:24]} Nc6 {[%clk 01:23:29]} {[%emt
00:02:20]} 12. Rc1 {[%clk 01:08:06]} {[%emt 00:09:50]} Nh5 {[%clk 01:18:59]}
{[%emt 00:05:00]} 13. Be5 {[%clk 01:05:33]} {[%emt 00:03:02]} f6 {[%clk
01:18:57]} {[%emt 00:00:33]} 14. e3 {[%clk 01:05:45]} {[%emt 00:00:18]} fxe5
{[%clk 01:19:14]} {[%emt 00:00:12]} 15. Qxh5+ {[%clk 01:06:07]} {[%emt
00:00:08]} g6 {[%clk 01:19:40]} {[%emt 00:00:04]} 16. Qd1 {[%clk 01:05:59]}
{[%emt 00:00:38]} exd4 {[%clk 01:19:48]} {[%emt 00:00:23]} 17. exd4 {[%clk
01:06:04]} {[%emt 00:00:25]} O-O {[%clk 01:19:33]} {[%emt 00:00:45]} 18. Qd2
{[%clk 01:04:39]} {[%emt 00:01:54]} Kg7 {[%clk 01:10:27]} {[%emt 00:09:37]} 19.
Na4 {[%clk 01:02:53]} {[%emt 00:02:15]} Re8 {[%clk 01:09:00]} {[%emt 00:01:58]}
20. Nac5 {[%clk 01:01:47]} {[%emt 00:01:34]} Qe7 {[%clk 01:07:51]} {[%emt
00:01:40]} 21. Rc3 {[%clk 01:01:05]} {[%emt 00:01:10]} Na5 {[%clk 01:04:22]}
{[%emt 00:04:02]} 22. Re1 {[%clk 00:56:27]} {[%emt 00:05:08]} Nc4 {[%clk
01:02:08]} {[%emt 00:02:44]} 23. Qe2 {[%clk 00:55:50]} {[%emt 00:01:07]} Bxc5
{[%clk 00:59:05]} {[%emt 00:03:32]} 24. Nxc5 {[%clk 00:54:42]} {[%emt
00:01:39]} b6 {[%clk 00:58:59]} {[%emt 00:00:37]} 25. Na6 {[%clk 00:53:32]}
{[%emt 00:01:38]} Bc8 {[%clk 00:58:54]} {[%emt 00:00:36]} 26. Rxc4 {[%clk
00:49:20]} {[%emt 00:04:42]} Bxa6 {[%clk 00:58:25]} {[%emt 00:00:59]} 27. Rc7
{[%clk 00:49:12]} {[%emt 00:00:38]} Bxe2 {[%clk 00:58:05]} {[%emt 00:00:49]}
28. Rxe7+ {[%clk 00:49:36]} {[%emt 00:00:06]} Rxe7 {[%clk 00:58:32]} {[%emt
00:00:04]} 29. Rxe2 {[%clk 00:50:02]} {[%emt 00:00:03]} Rc8 {[%clk 00:58:44]}
{[%emt 00:00:18]} 30. h4 {[%clk 00:50:13]} {[%emt 00:00:19]} Rc4 {[%clk
00:58:44]} {[%emt 00:00:30]} 31. Rd2 {[%clk 00:50:19]} {[%emt 00:00:23]} Rec7
{[%clk 00:59:07]} {[%emt 00:00:08]} 32. Kf1 {[%clk 00:49:52]} {[%emt 00:00:56]}
Rc2 {[%clk 00:58:59]} {[%emt 00:00:39]} 33. Ke2 {[%clk 00:50:11]} {[%emt
00:00:11]} R7c4 {[%clk 00:59:21]} {[%emt 00:00:07]} 34. b3 {[%clk 00:45:33]}
{[%emt 00:05:09]} Rxd2+ {[%clk 00:56:07]} {[%emt 00:03:44]} 35. Kxd2 {[%clk
00:45:57]} {[%emt 00:00:05]} Rxd4+ {[%clk 00:55:21]} {[%emt 00:01:17]} 36. Ke3
{[%clk 00:46:17]} {[%emt 00:00:10]} Rd3+ {[%clk 00:52:00]} {[%emt 00:03:52]}
37. Ke2 {[%clk 00:46:37]} {[%emt 00:00:09]} Rc3 {[%clk 00:52:24]} {[%emt
00:00:06]} 38. Kd2 {[%clk 00:46:56]} {[%emt 00:00:11]} Rc7 {[%clk 00:52:25]}
{[%emt 00:00:29]} 39. f3 {[%clk 00:45:38]} {[%emt 00:01:48]} exf3 {[%clk
00:52:43]} {[%emt 00:00:12]} 40. Bxf3 {[%clk 00:46:03]} {[%emt 00:00:04]} Rd7
{[%clk 00:53:08]} {[%emt 00:00:05]} 41. Kd3 {[%clk 00:45:51]} {[%emt 00:00:43]}
d4 {[%clk 00:53:23]} {[%emt 00:00:15]} 42. h5 {[%clk 00:44:56]} {[%emt
00:01:24]} gxh5 {[%clk 00:52:56]} {[%emt 00:00:57]} 43. Bxh5 {[%clk 00:45:21]}
{[%emt 00:00:05]} Kf6 {[%clk 00:52:58]} {[%emt 00:00:28]} 44. Bf3 {[%clk
00:45:20]} {[%emt 00:00:31]} Ke5 {[%clk 00:53:13]} {[%emt 00:00:16]} 45. g4
{[%clk 00:45:11]} {[%emt 00:00:38]} Rc7 {[%clk 00:53:30]} {[%emt 00:00:14]} 46.
Be2 {[%clk 00:43:48]} {[%emt 00:01:53]} Rc3+ {[%clk 00:53:36]} {[%emt
00:00:24]} 47. Kd2 {[%clk 00:44:11]} {[%emt 00:00:07]} Re3 {[%clk 00:53:06]}
{[%emt 00:01:00]} 48. Bc4 {[%clk 00:44:12]} {[%emt 00:00:29]} Kf4 {[%clk
00:53:26]} {[%emt 00:00:09]} 49. Be2 {[%clk 00:44:24]} {[%emt 00:00:19]} Rxe2+
{[%clk 00:53:49]} {[%emt 00:00:07]} 0-1

[Event "DVM U16 2021"]
[Site "Kiel GER"]
[Date "2022.07.26"]
[Round "7"]
[White "Huang, Luca Hanson"]
[Black "Weinberger, Maxim"]
[Result "1-0"]
[Termination "normal"]
[Board "10.3"]
[WhiteElo "1488"]
[BlackElo "1153"]
[WhiteClock "00:59:20"]
[BlackClock "01:19:59"]
[WhiteTeam "SK Frankenthal"]
[BlackTeam "SK Kelheim 1920"]
[PlyCount "117"]
[WhiteFideId "16279182"]
[BlackFideId "16290330"]
[EventCountry "GER"]
[EventRounds "7"]
[EventType "team-swiss"]
[EventDate "2022.07.22"]

1. e4 {[%clk 01:30:55]} {[%emt 00:00:05]} e5 {[%clk 01:30:54]} {[%emt
00:00:06]} 2. Nf3 {[%clk 01:31:13]} {[%emt 00:00:12]} Nc6 {[%clk 01:31:10]}
{[%emt 00:00:14]} 3. Bc4 {[%clk 01:31:27]} {[%emt 00:00:16]} Nf6 {[%clk
01:31:18]} {[%emt 00:00:22]} 4. d3 {[%clk 01:31:29]} {[%emt 00:00:28]} h6
{[%clk 01:31:33]} {[%emt 00:00:15]} 5. c3 {[%clk 01:31:32]} {[%emt 00:00:26]}
Bc5 {[%clk 01:31:04]} {[%emt 00:00:59]} 6. Nbd2 {[%clk 01:31:32]} {[%emt
00:00:31]} d6 {[%clk 01:29:21]} {[%emt 00:02:14]} 7. h3 {[%clk 01:31:15]}
{[%emt 00:00:46]} Be6 {[%clk 01:29:15]} {[%emt 00:00:35]} 8. Bb5 {[%clk
01:31:15]} {[%emt 00:00:30]} O-O {[%clk 01:28:59]} {[%emt 00:00:47]} 9. O-O
{[%clk 01:29:15]} {[%emt 00:02:30]} Ne7 {[%clk 01:28:42]} {[%emt 00:00:48]} 10.
Re1 {[%clk 01:26:35]} {[%emt 00:03:08]} c6 {[%clk 01:27:49]} {[%emt 00:01:24]}
11. Ba4 {[%clk 01:26:49]} {[%emt 00:00:16]} Ng6 {[%clk 01:27:59]} {[%emt
00:00:19]} 12. d4 {[%clk 01:25:54]} {[%emt 00:01:26]} Bb6 {[%clk 01:25:46]}
{[%emt 00:02:43]} 13. Nf1 {[%clk 01:25:46]} {[%emt 00:00:38]} Qc7 {[%clk
01:23:46]} {[%emt 00:02:30]} 14. Ng3 {[%clk 01:24:17]} {[%emt 00:01:58]} d5
{[%clk 01:22:47]} {[%emt 00:01:30]} 15. exd5 {[%clk 01:20:49]} {[%emt
00:03:57]} cxd5 {[%clk 01:20:15]} {[%emt 00:03:03]} 16. Nxe5 {[%clk 01:20:29]}
{[%emt 00:00:50]} Nxe5 {[%clk 01:19:23]} {[%emt 00:01:22]} 17. Rxe5 {[%clk
01:20:26]} {[%emt 00:00:32]} Nd7 {[%clk 01:19:21]} {[%emt 00:00:33]} 18. Re1
{[%clk 01:19:22]} {[%emt 00:01:33]} Nf6 {[%clk 01:18:14]} {[%emt 00:01:39]} 19.
Qf3 {[%clk 01:19:16]} {[%emt 00:00:35]} Bd7 {[%clk 01:17:55]} {[%emt 00:00:50]}
20. Bxd7 {[%clk 01:19:11]} {[%emt 00:00:35]} Qxd7 {[%clk 01:18:05]} {[%emt
00:00:19]} 21. Bxh6 {[%clk 01:19:26]} {[%emt 00:00:15]} gxh6 {[%clk 01:18:21]}
{[%emt 00:00:14]} 22. Qxf6 {[%clk 01:19:47]} {[%emt 00:00:09]} Qc6 {[%clk
01:18:15]} {[%emt 00:00:35]} 23. Qxc6 {[%clk 01:18:58]} {[%emt 00:01:19]} bxc6
{[%clk 01:18:39]} {[%emt 00:00:07]} 24. Nf5 {[%clk 01:19:00]} {[%emt 00:00:28]}
Kh7 {[%clk 01:17:59]} {[%emt 00:01:10]} 25. Re7 {[%clk 01:18:12]} {[%emt
00:01:18]} Rae8 {[%clk 01:17:39]} {[%emt 00:00:50]} 26. Rae1 {[%clk 01:17:56]}
{[%emt 00:00:46]} Rxe7 {[%clk 01:17:58]} {[%emt 00:00:11]} 27. Rxe7 {[%clk
01:18:10]} {[%emt 00:00:16]} Kg6 {[%clk 01:18:16]} {[%emt 00:00:12]} 28. g4
{[%clk 01:17:15]} {[%emt 00:01:25]} h5 {[%clk 01:17:26]} {[%emt 00:01:20]} 29.
f3 {[%clk 01:16:40]} {[%emt 00:01:05]} hxg4 {[%clk 01:16:45]} {[%emt 00:01:11]}
30. fxg4 {[%clk 01:16:37]} {[%emt 00:00:33]} c5 {[%clk 01:17:07]} {[%emt
00:00:08]} 31. Rd7 {[%clk 01:15:51]} {[%emt 00:01:15]} cxd4 {[%clk 01:17:08]}
{[%emt 00:00:29]} 32. cxd4 {[%clk 01:15:37]} {[%emt 00:00:45]} Re8 {[%clk
01:17:02]} {[%emt 00:00:37]} 33. Kf1 {[%clk 01:13:54]} {[%emt 00:02:13]} Rd8
{[%clk 01:15:26]} {[%emt 00:02:06]} 34. Ne7+ {[%clk 01:08:14]} {[%emt
00:06:09]} Kg5 {[%clk 01:15:31]} {[%emt 00:00:25]} 35. Rxd8 {[%clk 01:07:02]}
{[%emt 00:01:42]} Bxd8 {[%clk 01:15:49]} {[%emt 00:00:12]} 36. Nxd5 {[%clk
01:07:24]} {[%emt 00:00:08]} f5 {[%clk 01:16:05]} {[%emt 00:00:14]} 37. gxf5
{[%clk 01:05:48]} {[%emt 00:02:06]} Kxf5 {[%clk 01:16:22]} {[%emt 00:00:13]}
38. Nc3 {[%clk 01:05:56]} {[%emt 00:00:21]} Bf6 {[%clk 01:16:10]} {[%emt
00:00:43]} 39. d5 {[%clk 01:04:12]} {[%emt 00:02:14]} Ke5 {[%clk 01:15:33]}
{[%emt 00:01:08]} 40. Kf2 {[%clk 01:01:52]} {[%emt 00:02:50]} Kd6 {[%clk
01:15:29]} {[%emt 00:00:32]} 41. Kf3 {[%clk 01:00:24]} {[%emt 00:01:59]} Ke5
{[%clk 01:15:29]} {[%emt 00:00:29]} 42. Kg4 {[%clk 01:00:09]} {[%emt 00:00:46]}
Kd4 {[%clk 01:15:44]} {[%emt 00:00:15]} 43. h4 {[%clk 01:00:07]} {[%emt
00:00:32]} Kd3 {[%clk 01:15:57]} {[%emt 00:00:16]} 44. h5 {[%clk 00:59:55]}
{[%emt 00:00:43]} Be5 {[%clk 01:15:53]} {[%emt 00:00:34]} 45. Kf5 {[%clk
00:59:09]} {[%emt 00:01:16]} Bg7 {[%clk 01:15:59]} {[%emt 00:00:24]} 46. d6
{[%clk 00:57:53]} {[%emt 00:01:46]} Kc2 {[%clk 01:16:10]} {[%emt 00:00:19]} 47.
d7 {[%clk 00:58:11]} {[%emt 00:00:12]} Kxb2 {[%clk 01:16:26]} {[%emt 00:00:14]}
48. Na4+ {[%clk 00:58:16]} {[%emt 00:00:25]} Kxa2 {[%clk 01:16:45]} {[%emt
00:00:10]} 49. d8=Q {[%clk 00:58:38]} {[%emt 00:00:08]} Ka3 {[%clk 01:16:49]}
{[%emt 00:00:26]} 50. Qe7+ {[%clk 00:58:58]} {[%emt 00:00:10]} Kxa4 {[%clk
01:17:13]} {[%emt 00:00:06]} 51. Qxg7 {[%clk 00:59:17]} {[%emt 00:00:11]} a5
{[%clk 01:17:37]} {[%emt 00:00:06]} 52. h6 {[%clk 00:58:55]} {[%emt 00:00:53]}
Ka3 {[%clk 01:17:59]} {[%emt 00:00:07]} 53. h7 {[%clk 00:58:50]} {[%emt
00:00:35]} a4 {[%clk 01:18:21]} {[%emt 00:00:09]} 54. h8=Q {[%clk 00:58:12]}
{[%emt 00:01:08]} Kb4 {[%clk 01:18:42]} {[%emt 00:00:09]} 55. Qh4+ {[%clk
00:58:18]} {[%emt 00:00:24]} Kb5 {[%clk 01:18:57]} {[%emt 00:00:14]} 56. Qe5+
{[%clk 00:58:39]} {[%emt 00:00:09]} Kc6 {[%clk 01:19:15]} {[%emt 00:00:12]} 57.
Qh6+ {[%clk 00:58:56]} {[%emt 00:00:14]} Kd7 {[%clk 01:19:40]} {[%emt
00:00:05]} 58. Qeg7+ {[%clk 00:59:20]} {[%emt 00:00:06]} Ke8 {[%clk 01:19:59]}
{[%emt 00:00:11]} 59. Qhh8# {[%emt 00:00:42]} 1-0

[Event "DVM U14 2021"]
[Site "Willingen GER"]
[Date "2022.08.13"]
[Round "1"]
[White "Lichtinger, Simon"]
[Black "Schön, Florian"]
[Result "0-1"]
[Termination "normal"]
[Board "2.2"]
[WhiteElo "1473"]
[BlackElo "1702"]
[WhiteClock "00:02:01"]
[BlackClock "00:51:14"]
[WhiteTeam "FC Ergolding 1932"]
[BlackTeam "VfB Schach Leipzig"]
[PlyCount "44"]
[WhiteFideId "16230442"]
[BlackFideId "16259394"]
[EventCountry "GER"]
[EventRounds "7"]
[EventType "team-swiss"]
[EventDate "2022.08.12"]

1. e4 {[%clk 01:30:57]} {[%emt 00:00:02]} e5 {[%clk 01:30:47]} {[%emt
00:00:13]} 2. Nf3 {[%clk 01:31:23]} {[%emt 00:00:04]} Nc6 {[%clk 01:31:12]}
{[%emt 00:00:05]} 3. Bc4 {[%clk 01:31:51]} {[%emt 00:00:02]} Bc5 {[%clk
01:31:37]} {[%emt 00:00:06]} 4. b4 {[%clk 01:32:18]} {[%emt 00:00:03]} Bxb4
{[%clk 01:32:01]} {[%emt 00:00:06]} 5. c3 {[%clk 01:32:44]} {[%emt 00:00:03]}
Ba5 {[%clk 01:31:33]} {[%emt 00:00:59]} 6. d4 {[%clk 01:33:07]} {[%emt
00:00:07]} d6 {[%clk 01:30:20]} {[%emt 00:01:43]} 7. O-O {[%clk 01:14:36]}
{[%emt 00:19:00]} Bg4 {[%clk 01:23:58]} {[%emt 00:06:52]} 8. Qa4 {[%clk
01:02:42]} {[%emt 00:12:24]} Bxf3 {[%clk 01:12:39]} {[%emt 00:11:50]} 9. gxf3
{[%clk 00:51:55]} {[%emt 00:11:17]} exd4 {[%clk 01:12:30]} {[%emt 00:00:39]}
10. cxd4 {[%clk 00:42:53]} {[%emt 00:09:32]} Kf8 {[%clk 01:04:40]} {[%emt
00:08:19]} 11. Bb2 {[%clk 00:24:34]} {[%emt 00:18:50]} Bb6 {[%clk 01:02:16]}
{[%emt 00:02:54]} 12. Qd1 {[%clk 00:22:43]} {[%emt 00:02:20]} Qf6 {[%clk
00:57:43]} {[%emt 00:05:04]} 13. e5 {[%clk 00:13:04]} {[%emt 00:10:09]} dxe5
{[%clk 00:55:24]} {[%emt 00:02:48]} 14. dxe5 {[%clk 00:08:21]} {[%emt
00:05:13]} Nxe5 {[%clk 00:55:09]} {[%emt 00:00:46]} 15. Qd5 {[%clk 00:05:19]}
{[%emt 00:03:31]} Nxf3+ {[%clk 00:50:46]} {[%emt 00:04:53]} 16. Kh1 {[%clk
00:05:45]} {[%emt 00:00:04]} Qf4 {[%clk 00:50:37]} {[%emt 00:00:39]} 17. Ba3+
{[%clk 00:03:18]} {[%emt 00:02:58]} c5 {[%clk 00:50:54]} {[%emt 00:00:12]} 18.
Bxc5+ {[%clk 00:03:43]} {[%emt 00:00:05]} Bxc5 {[%clk 00:51:18]} {[%emt
00:00:07]} 19. Qxc5+ {[%clk 00:04:10]} {[%emt 00:00:02]} Ne7 {[%clk 00:51:41]}
{[%emt 00:00:07]} 20. Qh5 {[%clk 00:03:29]} {[%emt 00:01:11]} g6 {[%clk
00:51:36]} {[%emt 00:00:36]} 21. Qh3 {[%clk 00:03:19]} {[%emt 00:00:39]} Ng5
{[%clk 00:51:08]} {[%emt 00:00:59]} 22. Qg3 {[%clk 00:02:01]} {[%emt 00:01:49]}
Qxc4 {[%clk 00:51:14]} {[%emt 00:00:23]} 0-1

[Event "DVM U14 2021"]
[Site "Willingen GER"]
[Date "2022.08.13"]
[Round "1"]
[White "Vecera, Fabio"]
[Black "Klein, Maxim"]
[Result "0-1"]
[Termination "normal"]
[Board "2.3"]
[WhiteElo "1527"]
[BlackElo "1323"]
[WhiteClock "00:35:57"]
[BlackClock "00:00:32"]
[WhiteTeam "VfB Schach Leipzig"]
[BlackTeam "FC Ergolding 1932"]
[PlyCount "70"]
[WhiteFideId "16281705"]
[BlackFideId "16281632"]
[EventCountry "GER"]
[EventRounds "7"]
[EventType "team-swiss"]
[EventDate "2022.08.12"]

1. Nf3 {[%clk 01:30:26]} {[%emt 00:00:03]} Nf6 {[%clk 01:31:08]} 2. c4 {[%clk
01:30:04]} c6 {[%clk 01:30:58]} 3. Nc3 {[%clk 01:30:16]} d5 {[%clk 01:31:04]}
4. d4 {[%clk 01:30:13]} e6 {[%clk 01:30:19]} 5. e3 {[%clk 01:28:00]} Nbd7
{[%clk 01:26:26]} 6. Be2 {[%clk 01:26:17]} Bd6 {[%clk 01:23:04]} 7. Qc2 {[%clk
01:25:52]} O-O {[%clk 01:23:25]} 8. O-O {[%clk 01:23:55]} dxc4 {[%clk
01:21:24]} 9. Bxc4 {[%clk 01:23:16]} b5 {[%clk 01:19:10]} 10. Be2 {[%clk
01:22:52]} Qc7 {[%clk 01:04:05]} 11. b3 {[%clk 01:22:39]} e5 {[%clk 01:01:12]}
12. h3 {[%clk 01:19:05]} a6 {[%clk 01:00:00]} 13. Bb2 {[%clk 01:18:16]} c5
{[%clk 00:44:54]} 14. Rac1 {[%clk 01:16:29]} Bb7 {[%clk 00:33:05]} 15. dxe5
{[%clk 01:16:11]} Nxe5 {[%clk 00:24:34]} 16. Nxe5 {[%clk 01:15:11]} Bxe5 {[%clk
00:23:59]} 17. f4 {[%clk 01:11:33]} Bd6 {[%clk 00:23:43]} 18. Bf3 {[%clk
01:09:53]} Rfe8 {[%clk 00:19:31]} 19. Rcd1 {[%clk 01:03:35]} Rad8 {[%clk
00:18:58]} 20. Qf2 {[%clk 01:01:48]} Bxf3 {[%clk 00:18:57]} 21. Qxf3 {[%clk
01:00:49]} Qe7 {[%clk 00:16:54]} 22. Rfe1 {[%clk 00:53:00]} Bb8 {[%clk
00:07:14]} 23. Kf2 {[%clk 00:47:10]} b4 {[%clk 00:04:51]} 24. Ne2 {[%clk
00:45:43]} Ne4+ {[%clk 00:04:39]} 25. Kg1 {[%clk 00:44:34]} Nd2 {[%clk
00:03:26]} 26. Qg4 {[%clk 00:40:04]} Qxe3+ {[%clk 00:03:30]} 27. Kh1 {[%clk
00:39:35]} g6 {[%clk 00:01:46]} 28. Bf6 {[%clk 00:37:58]} Ne4 {[%clk 00:00:36]}
29. Bxd8 {[%clk 00:38:17]} Nf2+ {[%clk 00:01:02]} 30. Kh2 {[%clk 00:38:41]}
Nxg4+ {[%clk 00:01:25]} 31. hxg4 {[%clk 00:37:28]} Bxf4+ {[%clk 00:00:31]} 32.
Nxf4 {[%clk 00:37:47]} Qxf4+ {[%clk 00:00:32]} 33. Kh3 {[%clk 00:35:59]} Re3+
{[%clk 00:00:36]} 34. Rxe3 {[%clk 00:36:23]} Qxe3+ {[%clk 00:00:32]} 35. Kh2
{[%clk 00:35:57]} Qe2 {[%emt 03:00:11]} 0-1

[Event "DVM U14 2021"]
[Site "Willingen GER"]
[Date "2022.08.13"]
[Round "1"]
[White "Huber, Laura"]
[Black "Widmann, Maximilian"]
[Result "0-1"]
[Termination "normal"]
[Board "2.4"]
[WhiteElo "1302"]
[BlackElo "1573"]
[WhiteClock "00:10:54"]
[BlackClock "00:05:50"]
[WhiteTeam "FC Ergolding 1932"]
[BlackTeam "VfB Schach Leipzig"]
[PlyCount "57"]
[WhiteFideId "16270940"]
[BlackFideId "16281691"]
[EventCountry "GER"]
[EventRounds "7"]
[EventType "team-swiss"]
[EventDate "2022.08.12"]

1. e4 {[%clk 01:30:59]} {[%emt 10:49:26]} c6 {[%clk 01:30:51]} {[%emt
00:00:09]} 2. d4 {[%clk 01:31:27]} {[%emt 00:00:03]} d5 {[%clk 01:31:12]}
{[%emt 00:00:09]} 3. Nc3 {[%clk 01:31:44]} {[%emt 00:00:13]} dxe4 {[%clk
01:31:23]} {[%emt 00:00:19]} 4. Nxe4 {[%clk 01:32:08]} {[%emt 00:00:06]} Bf5
{[%clk 01:31:34]} {[%emt 00:00:19]} 5. Ng3 {[%clk 01:32:29]} {[%emt 00:00:10]}
Bg6 {[%clk 01:31:55]} {[%emt 00:00:09]} 6. h4 {[%clk 01:32:48]} {[%emt
00:00:11]} h6 {[%clk 01:32:14]} {[%emt 00:00:10]} 7. Nf3 {[%clk 01:32:49]}
{[%emt 00:00:30]} Nd7 {[%clk 01:32:16]} {[%emt 00:00:28]} 8. h5 {[%clk
01:33:13]} {[%emt 00:00:06]} Bh7 {[%clk 01:32:26]} {[%emt 00:00:19]} 9. Bd3
{[%clk 01:33:22]} {[%emt 00:00:22]} Bxd3 {[%clk 01:32:44]} {[%emt 00:00:12]}
10. Qxd3 {[%clk 01:33:48]} {[%emt 00:00:04]} e6 {[%clk 01:32:43]} {[%emt
00:00:31]} 11. Bd2 {[%clk 01:26:20]} {[%emt 00:07:58]} Ngf6 {[%clk 01:23:47]}
{[%emt 00:09:25]} 12. O-O-O {[%clk 01:22:58]} {[%emt 00:03:52]} Qc7 {[%clk
01:20:15]} {[%emt 00:04:01]} 13. Ne4 {[%clk 01:16:58]} {[%emt 00:06:30]} O-O-O
{[%clk 01:11:17]} {[%emt 00:09:28]} 14. Nxf6 {[%clk 00:58:05]} {[%emt
00:19:23]} Nxf6 {[%clk 01:10:28]} {[%emt 00:01:18]} 15. Qe2 {[%clk 00:57:22]}
{[%emt 00:01:15]} Bd6 {[%clk 01:01:20]} {[%emt 00:09:37]} 16. Kb1 {[%clk
00:46:02]} {[%emt 00:11:51]} Kb8 {[%clk 00:45:06]} {[%emt 00:16:44]} 17. Bc1
{[%clk 00:38:30]} {[%emt 00:08:02]} c5 {[%clk 00:29:00]} {[%emt 00:16:36]} 18.
dxc5 {[%clk 00:35:50]} {[%emt 00:03:10]} Qxc5 {[%clk 00:20:22]} {[%emt
00:09:06]} 19. Be3 {[%clk 00:33:44]} {[%emt 00:02:37]} Qb4 {[%clk 00:14:42]}
{[%emt 00:06:01]} 20. Rd4 {[%clk 00:27:19]} {[%emt 00:07:03]} Qa5 {[%clk
00:12:59]} {[%emt 00:02:14]} 21. Rhd1 {[%clk 00:23:58]} {[%emt 00:03:51]} Nd5
{[%clk 00:09:03]} {[%emt 00:04:26]} 22. Bd2 {[%clk 00:18:53]} {[%emt 00:05:35]}
Qb6 {[%clk 00:07:46]} {[%emt 00:01:46]} 23. Be3 {[%clk 00:11:40]} {[%emt
00:07:44]} Nc3+ {[%clk 00:06:35]} {[%emt 00:01:40]} 24. Ka1 {[%clk 00:11:09]}
{[%emt 00:01:02]} Nxe2 {[%clk 00:06:50]} {[%emt 00:00:14]} 25. R4d2 {[%clk
00:10:29]} {[%emt 00:01:11]} Bc5 {[%clk 00:05:29]} {[%emt 00:01:52]} 26. Bxc5
{[%clk 00:10:01]} {[%emt 00:00:57]} Rxd2 {[%clk 00:05:14]} {[%emt 00:00:44]}
27. Rxd2 {[%clk 00:10:12]} {[%emt 00:00:19]} Qxc5 {[%clk 00:05:32]} {[%emt
00:00:12]} 28. Rxe2 {[%clk 00:10:36]} {[%emt 00:00:07]} Rd8 {[%clk 00:05:50]}
{[%emt 00:00:11]} 29. a3 {[%clk 00:10:54]} {[%emt 00:00:13]} 0-1

[Event "DVM U14 2021"]
[Site "Willingen GER"]
[Date "2022.08.13"]
[Round "1"]
[White "Schwartz, Oliver"]
[Black "Fuhrmann, Bahne"]
[Result "0-1"]
[Termination "normal"]
[Board "3.1"]
[WhiteElo "1872"]
[BlackElo "2079"]
[WhiteClock "00:28:15"]
[BlackClock "00:15:25"]
[WhiteTeam "SC Ostfildern 1952"]
[BlackTeam "Hamburger SK 1830"]
[PlyCount "46"]
[WhiteFideId "16207459"]
[BlackFideId "16244842"]
[EventCountry "GER"]
[EventRounds "7"]
[EventType "team-swiss"]
[EventDate "2022.08.12"]

1. d4 {[%clk 01:30:57]} {[%emt 00:00:02]} Nf6 {[%clk 01:31:19]} 2. c4 {[%clk
01:31:25]} g6 {[%clk 01:31:40]} 3. Nc3 {[%clk 01:31:53]} d5 {[%clk 01:31:03]}
4. cxd5 {[%clk 01:32:18]} Nxd5 {[%clk 01:31:28]} 5. e4 {[%clk 01:32:44]} Nxc3
{[%clk 01:31:53]} 6. bxc3 {[%clk 01:33:09]} Bg7 {[%clk 01:30:30]} 7. Nf3 {[%clk
01:32:51]} c5 {[%clk 01:29:58]} 8. Be2 {[%clk 01:33:14]} Nc6 {[%clk 01:28:25]}
9. d5 {[%clk 01:33:36]} Bxc3+ {[%clk 01:28:51]} 10. Bd2 {[%clk 01:34:00]} Bxa1
{[%clk 01:29:16]} 11. Qxa1 {[%clk 01:34:26]} Nd4 {[%clk 01:29:41]} 12. Nxd4
{[%clk 01:34:53]} cxd4 {[%clk 01:30:00]} 13. Qxd4 {[%clk 01:35:15]} O-O {[%clk
01:29:32]} 14. O-O {[%clk 01:35:22]} Qb6 {[%clk 01:25:57]} 15. Qc3 {[%clk
01:35:32]} Bd7 {[%clk 01:14:43]} 16. Be3 {[%clk 01:17:43]} Qf6 {[%clk
01:05:07]} 17. Bd4 {[%clk 01:05:18]} Qh4 {[%clk 00:51:19]} 18. f4 {[%clk
00:57:01]} Rac8 {[%clk 00:39:50]} 19. Qe3 {[%clk 00:49:12]} Rc2 {[%clk
00:25:41]} 20. a3 {[%clk 00:28:31]} Rfc8 {[%clk 00:21:17]} 21. Bd3 {[%clk
00:28:00]} Ra2 {[%clk 00:19:32]} 22. Bb1 {[%clk 00:28:04]} Bb5 {[%clk
00:15:25]} 23. Rc1 {[%clk 00:28:15]} Qf2+ {[%emt 02:42:34]} 0-1